000 00727nam a2200205Ii 4500
003 JO-AjNU
008 230605s9999||||xx |||||||||||||| ||und||
020 _a978-1-84635-050-4
040 _aJO-AjNU
_bara
_erda
_cJO-AjNU
041 _aara
050 1 4 _aPR33.M34 2007
100 3 _aتأليف ميلن، أ.أ ؛ ترجمة فاروق مجدلاوي,
_eauthor
_913733
245 0 0 _aزواج أميرة: مسرحية ذات فصل واحد
264 3 1 _aعمان: روائع مجدلاوي للنشر والتوزيع، 2007
300 _a68ص
336 _atext
_btxt
_2rdacontent
337 _aunmediated
_bn
_2rdamedia
338 _avolume
_bnc
_2rdacarrier
650 4 _aالأدب العربي - ترجمة - قصص
_913734
999 _aA3495
_c7063
_d7063